Chicago pro teams - Statistics

General Stats
  • This quiz has been taken 34 times
    17 since last reset
  • The average score is 7 of 8
Answer Stats
Sport Answer % Correct
NFL Bears
100%
NHL Blackhawks
100%
NBA Bulls
100%
MLB Cubs
100%
MLB White Sox
100%
MLS Fire
88%
WNBA Sky
81%
NWSL Red stars
31%
No matching quizzes found
Score Distribution
Percent of People with Each Score
Percentile by Number Answered
Your Score History
You have not taken this quiz since the last reset